000 nam a22 7a 4500
999 _c19835
_d19835
008 170117b xxu||||| |||| 00| 0 eng d
020 _a9780140166644
050 _aD 116 .J67 2002
100 _aJordan William Chester
_d2002
245 _aEurope in the Middle Ages
_cWilliam Chester Jordan
250 _a1st ed
260 _aLondon
_bPenguin
_c2002
300 _axi, 382p. ;
_bill. ;
_c19cm.
500 _aincludes index
650 _2Middle Ages
942 _2lcc
_cBOOKS
_hD 116 .J67 2002
_k30074